FIFA Women’s World Cup Host Countries - Statistics

General Stats
  • This quiz has been taken 35 times
  • The average score is 5 of 6
Answer Stats
Year Country % Correct
2019 France
100%
1999 & 2003 United States
100%
2015 Canada
91%
2011 Germany
84%
1991 & 2007 China
78%
1995 Sweden
78%
No matching quizzes found
Score Distribution
Percent of People with Each Score
Percentile by Number Answered
Your Score History
You have not taken this quiz